00397 a2200133 4500020002300000035001300023037004200036082000600078100001700084245003500101260003500136270006800171300002400239 a0140230335c650.00 aB-211489 bRP-L-262 / UBH-07-08:6 / RP-07-08:ENG14aN1 aSeth, Vikram1 aA suitable boycby Vikram Seth aNew DelhibPenguin Booksc2005 a11 Community Centre, Panchsheel Park,bNew DelhicDelhie110017 a1349 pc23 cm (pbk)